000 00684nam a2200241Ia 4500
003 OSt
005 20220926014135.0
006 a|||||r|||| 00| 0
007 ta
008 220923b |||||||| |||| 00| 0 eng d
037 _cGeneral Book
040 _aRTL
_cRTL
_beng
041 _2eng
_aeng
082 _aSigma.2.N6, K5
100 _aFersh Seymour
_9319884
245 0 _aIndia and South Asia
260 _aNew York
_bMacmillan U S A
_c1965
300 _aviii,152p. Bib p. 147-50 p. 142-46
_ccm.
490 _aCulture Regions Of the World
650 _aSocial Sciences
942 _hSigma.2.N6, K5
_cGB
_2CC
999 _c627999
_d627999